Name All The FNAF Bonnie Characters - Statistics

General Stats
  • This quiz has been taken 21 times
    16 since last reset
  • The average score is 32 of 52
Answer Stats
Hint Answer % Correct
Toy Toy Bonnie
100%
Blacklight Blacklight Bonnie
80%
Funtime Bon-Bon
80%
Funtime Bonnet
80%
Classic Bonnie the Bunny
80%
Bootleg Bootleg Bonnie
80%
Chocolate Skin Chocolate Bonnie
80%
Circus Circus Bonnie
80%
Glamrock Glamrock Bonnie
80%
Glow Glow Bonnie
80%
Jack-O-Nightmare Jack-O-Bonnie
80%
Nightmare Nightmare Bonnie
80%
Springtrap Prototype Bonnie
80%
Classic Prototype Prototype Bonnie
80%
Plushtrap Puppet Bonnie
80%
Puppet Puppet Bonnie
80%
Rockstar Rockstar Bonnie
80%
Shadow RWQFSFASXC
80%
Springlock Hybrid Spring Bonnie
80%
Stitched Stitched Bonnie
80%
Twisted Twisted Bonnie
80%
Twisted Twisted Bonnie
80%
Withered Withered Bonnie
80%
Balloon Balloon Bonnie
60%
Valentine Skin Black Heart Bonnie
60%
Forest Skin Boulder Toy Bonnie
60%
Burntrap
60%
Holiday Skin Easter Bonnie
60%
Winter Skin Frost Plushtrap
60%
Artificial Intelligence Glitchtrap
60%
Glow Toy Glow Toy Bonnie
60%
Chocolate Skin Melted Chocolate Bonnie
60%
Hardmode Neon Bonnie
60%
Wicked Tied Skin Sunken Toy Bonnie
60%
Arcade Skin System Error Toy Bonnie
60%
Tye-Dye Tie-Dye Bonnie
60%
Enemy White Rabbit
60%
Blacklight Blacklight Springtrap
40%
Blacklight Blacklight Toy Bonnie
40%
Circus Skin Clown Springtrap
40%
Holiday Elf Bonnie
40%
Heatwave Skin Flaming Springtrap
40%
High School Years High School Toy Bonnie
40%
Paperpal Paper Bonnie
40%
Wicked Tied Skin Piranha Plushtrap
40%
Classic Prototype Prototype Spring Bonnie
40%
Scraptrap
40%
Shattered Shattered Glamrock Bonnie
40%
Wasteland Skin Toxic Springtrap
40%
Cameo Ignited Bonnie
20%
Artificial Intelligence The Entity
20%
Enemy Trap
20%
No matching quizzes found
Score Distribution
Percent of People with Each Score
Percentile by Number Answered
Your Score History
You have not taken this quiz since the last reset